Word Ladder: Patagonian Paradise Quiz Stats

 Plays Quiz Updated May 1, 2019

Score 0/26 Timer 04:00
2 Plays Today
Clue 3-Letter Answer % Correct
• ___ Diego or ___ Francisco •• SAN •
99.3%
Typical number of toesTEN
98.5%
A light brown colorTAN
98.5%
• A long time ___, in a galaxy far, far away •• AGO •
97%
Mediterranean or Caribbean, for exampleSEA
96.5%
• Captain Picard's beverage of choice •• TEA •
95.7%
Food item produced by a chickenEGG
95.4%
One of Freud's three personality aspectsEGO
94.5%
Number of years since one was bornAGE
94.5%
Luxurious resortSPA
92.8%
100 square meters (or plural form of be)ARE
89.2%
Common prefix that indicates 'prior to' or 'before'PRE
88.5%
Murmuring sound characteristic of dovesCOO
88.2%
Clue 3-Letter Answer % Correct
A light, portable bedCOT
87.8%
In favour of an opinion/argumentPRO
87.5%
A style of beer (abbrev.)IPA
85.5%
A Vietnamese noodle soupPHO
83.6%
One of the two famous Gershwin brothersIRA
83.4%
A useful baseball statistic for pitchersERA
80.4%
A particular unit of energy (physics)ERG
80%
21st letter of the Greek alphabet (Φ)PHI
78.6%
A distinct portion of land in a cityLOT
78.5%
Ravenclaw and former girlfriend of Harry PotterCHO
76.7%
• 22nd letter of the Greek alphabet (X) •• CHI •
74%
A serve that clips the net and lands inbounds (tennis)LET
73.2%
• Protective shelter that is away from the wind •• LEE •
60.4%

Today's Daily Dose

Missing Word
Celine Dion

Word Ladder
Dr. Seuss Books

Quick Pick
Cities in India

Get the Picture
'A' Actresses

You're not logged in!

Compare scores with friends on all Sporcle quizzes.
OR
Log In

Sporcle TV

Today on Sporcle TV


Watch our educational content, quiz creation guides, and fun videos on Sporcle TV.

Show Comments

Extras

Top Quizzes Today


Score Distribution

Your Account Isn't Verified!

In order to create a playlist on Sporcle, you need to verify the email address you used during registration. Go to your Sporcle Settings to finish the process.

Report this User

Report this user for behavior that violates our Community Guidelines.

Details: